[Event "22nd ECCC Women 2017"]
[Site "Antalya"]
[Date "2017.10.16"]
[Round "7"]
[White "Yildiz, Betul Cemre"]
[Black "Ayan, Bengu Sena"]
[Result "1/2-1/2"]
[WhiteElo "2350"]
[BlackElo "1888"]
[Annotator "ChessBase"]
[PlyCount "100"]
[EventType "team-tourn"]
[EventCountry "TUR"]
[SourceTitle "playchess.com"]
[Source "ChessBase"]
[SourceQuality "1"]
[WhiteTeam "Anatolia"]
[BlackTeam "Aegean"]
[TimeControl "40/5400+30:1800+30"]

1. e4 {[%emt 0:00:30]} e6 {[%emt 0:01:00]} 2. d4 {[%emt 0:00:30]} d5 {[%emt 0:00:30]} 3. Nd2 {[%emt 0:00:00]} Nf6 {[%emt 0:00:00]} 4. e5 {[%emt 0:00:00]} Nfd7 {[%emt 0:00:00]} 5. Bd3 {[%emt 0:00:00]} c5 {[%emt 0:00:00]} 6. c3 {[%emt 0:00:00]} Nc6 {[%emt 0:00:00]} 7. Ne2 {[%emt 0:00:00]} cxd4 {[%emt 0:00:30]} 8. cxd4 {[%emt 0:00:00]} f6 {[%emt 0:00:30]} 9. exf6 {[%emt 0:00:30]} Qxf6 {[%emt 0:00:30]} 10. Nf3 {[%emt 0:00:30]} Bb4+ {[%emt 0:00:30]} 11. Bd2 {[%emt 0:00:30]} Bxd2+ {[%emt 0:00:00]} 12. Qxd2 {[%emt 0:05:30]} O-O {[%emt 0:00:00]} 13. O-O {[%emt 0:18:30]} e5 {[%emt 0:00:00]} 14. dxe5 {[%emt 0:00:30]} Ndxe5 {[%emt 0:00:00]} 15. Nxe5 {[%emt 0:00:30]} Nxe5 {[%emt 0:00:30]} 16. Nd4 {[%emt 0:04:30]} Nxd3 {[%emt 0:22:30]} 17. Qxd3 {[%emt 0:00:30]} Bf5 {[%emt 0:00:00]} 18. Nxf5 {[%emt 0:15:30]} Qxf5 {[%emt 0:00:00]} 19. Rad1 {[%emt 0:00:00]} Rad8 {[%emt 0:02:30]} 20. Qxf5 {[%emt 0:13:00]} Rxf5 {[%emt 0:00:00]} 21. Rd4 {[%emt 0:00:00]} Rf6 {[%emt 0:03:00]} 22. Rfd1 {[%emt 0:01:00]} Rfd6 {[%emt 0:00:30]} 23. Kf1 {[%emt 0:00:30]} Kf7 {[%emt 0:03:30]} 24. R1d3 {[%emt 0:00:00]} Rb6 {[%emt 0:05:30]} 25. b3 {[%emt 0:01:00]} Ke6 {[%emt 0:04:30]} 26. Rh4 {[%emt 0:00:30]} h6 {[%emt 0:00:30]} 27. Rg3 {[%emt 0:00:30]} Kf7 {[%emt 0:04:30]} 28. Ra4 {[%emt 0:04:30]} a6 {[%emt 0:03:30]} 29. Rag4 {[%emt 0:00:30]} g6 {[%emt 0:01:30]} 30. Rf3+ {[%emt 0:01:30]} Rf6 {[%emt 0:02:30]} 31. Rb4 {[%emt 0:00:00]} b5 {[%emt 0:01:30]} 32. Rbf4 {[%emt 0:09:00]} Rxf4 {[%emt 0:01:30]} 33. Rxf4+ {[%emt 0:00:30]} Ke6 {[%emt 0:00:30]} 34. Ke2 {[%emt 0:00:30]} Rc8 {[%emt 0:00:30]} 35. Kd2 {[%emt 0:00:30]} g5 {[%emt 0:10:30]} 36. Rf3 {[%emt 0:00:30]} b4 {[%emt 0:08:30]} 37. Rh3 {[%emt 0:03:30]} Rh8 {[%emt 0:00:30]} 38. Kd3 {[%emt 0:03:30]} Ke5 {[%emt 0:03:30]} 39. Re3+ {[%emt 0:01:13]} Kd6 {[%emt 0:00:30]} 40. Rf3 {[%emt 0:00:00]} Ke5 {[%emt 0:05:30]} 41. Rf7 {[%emt 0:03:17]} Rc8 {[%emt 0:02:30]} 42. Re7+ {[%emt 0:02:30]} Kf5 {[%emt 0:03:30]} 43. Rb7 {[%emt 0:10:30]} Rc3+ {[%emt 0:02:30]} 44. Kd2 {[%emt 0:00:30]} a5 {[%emt 0:01:30]} 45. Rb5 {[%emt 0:14:30]} Ke4 {[%emt 0:00:30]} 46. Rxa5 {[%emt 0:05:36]} Rd3+ {[%emt 0:00:30]} 47. Ke2 {[%emt 0:01:47]} Rc3 {[%emt 0:00:30]} 48. Kd2 {[%emt 0:07:03]} Rd3+ {[%emt 0:00:00]} 49. Kc2 {[%emt 0:04:50]} Rc3+ {[%emt 0:01:00]} 50. Kd2 {[%emt 0:01:04]} Ke5 {[%emt 0:00:30]} 1/2-1/2

[Event "22nd ECCC Women 2017"]
[Site "Antalya"]
[Date "2017.10.16"]
[Round "7"]
[White "Zaiatz, Elena"]
[Black "Choisy, Mathilde"]
[Result "1-0"]
[WhiteElo "2334"]
[BlackElo "2162"]
[Annotator "ChessBase"]
[PlyCount "113"]
[EventType "team-tourn"]
[EventCountry "TUR"]
[SourceTitle "playchess.com"]
[Source "ChessBase"]
[SourceQuality "1"]
[WhiteTeam "Bossa Nova"]
[BlackTeam "Mulhouse Philidor"]
[TimeControl "40/5400+30:1800+30"]

1. d4 {[%emt 0:00:30]} Nf6 {[%emt 0:01:00]} 2. c4 {[%emt 0:00:30]} g6 {[%emt 0:00:30]} 3. Nc3 {[%emt 0:00:30]} Bg7 {[%emt 0:00:30]} 4. e4 {[%emt 0:00:30]} d6 {[%emt 0:00:30]} 5. Be2 {[%emt 0:00:00]} O-O {[%emt 0:00:00]} 6. Bg5 {[%emt 0:00:00]} c5 {[%emt 0:02:00]} 7. dxc5 {[%emt 0:00:00]} Qa5 {[%emt 0:00:30]} 8. Bd2 {[%emt 0:00:00]} Qxc5 {[%emt 0:00:30]} 9. Nf3 {[%emt 0:00:00]} Bg4 {[%emt 0:00:30]} 10. Be3 {[%emt 0:00:00]} Qa5 {[%emt 0:00:00]} 11. O-O {[%emt 0:00:00]} Nc6 {[%emt 0:00:00]} 12. a3 {[%emt 0:00:00]} Rfc8 {[%emt 0:00:30]} 13. Nd2 {[%emt 0:00:30]} Bxe2 {[%emt 0:02:30]} 14. Qxe2 {[%emt 0:02:30]} Qh5 {[%emt 0:12:30]} 15. f3 {[%emt 0:02:30]} Bh6 {[%emt 0:10:30]} 16. Bxh6 {[%emt 0:25:30]} Qxh6 {[%emt 0:00:30]} 17. Nd5 {[%emt 0:00:30]} Qg7 {[%emt 0:14:30]} 18. Qe3 {[%emt 0:09:30]} Nxd5 {[%emt 0:13:30]} 19. exd5 {[%emt 0:00:00]} Qd4 {[%emt 0:02:30]} 20. Qxd4 {[%emt 0:04:00]} Nxd4 {[%emt 0:00:00]} 21. Rae1 {[%emt 0:00:30]} Rc7 {[%emt 0:05:00]} 22. g4 {[%emt 0:05:30]} Rb8 {[%emt 0:10:30]} 23. Re4 {[%emt 0:05:30]} e5 {[%emt 0:00:30]} 24. dxe6 {[%emt 0:00:00]} Nxe6 {[%emt 0:00:30]} 25. f4 {[%emt 0:00:00]} b5 {[%emt 0:06:15]} 26. f5 {[%emt 0:00:00]} Nc5 {[%emt 0:03:05]} 27. Re2 {[%emt 0:08:00]} bxc4 {[%emt 0:04:09]} 28. Nxc4 {[%emt 0:00:30]} d5 {[%emt 0:02:12]} 29. Ne3 {[%emt 0:11:30]} Rd7 {[%emt 0:03:47]} 30. b4 {[%emt 0:00:30]} Na4 {[%emt 0:03:15]} 31. Rd2 {[%emt 0:05:30]} Rbd8 {[%emt 0:01:37]} 32. g5 {[%emt 0:01:30]} Nc3 {[%emt 0:00:45]} 33. Ng4 {[%emt 0:00:30]} Ne4 {[%emt 0:00:38]} 34. Rd4 {[%emt 0:00:30]} Rc7 {[%emt 0:01:30]} 35. Ne3 {[%emt 0:05:09]} Nc3 {[%emt 0:00:41]} 36. Kg2 {[%emt 0:01:16]} Ne4 {[%emt 0:00:27]} 37. Nxd5 {[%emt 0:02:18]} Rc2+ {[%emt 0:00:31]} 38. Kg1 {[%emt 0:00:10]} Kf8 {[%emt 0:00:35]} 39. Rxe4 {[%emt 0:01:45]} Rxd5 {[%emt 0:00:30]} 40. Ref4 {[%emt 0:00:00]} Rdd2 {[%emt 0:01:03]} 41. R4f2 {[%emt 0:01:52]} Rxf2 {[%emt 0:07:30]} 42. Rxf2 {[%emt 0:00:30]} Rc3 {[%emt 0:02:30]} 43. f6 {[%emt 0:05:30]} Rxa3 {[%emt 0:00:30]} 44. Rc2 {[%emt 0:00:30]} Ke8 {[%emt 0:00:30]} 45. Re2+ {[%emt 0:00:30]} Kf8 {[%emt 0:00:30]} 46. Re7 {[%emt 0:00:00]} Ra4 {[%emt 0:02:30]} 47. Rb7 {[%emt 0:00:00]} Ke8 {[%emt 0:00:06]} 48. Kf2 {[%emt 0:00:30]} a5 {[%emt 0:14:20]} 49. Re7+ {[%emt 0:11:30]} Kd8 {[%emt 0:00:39]} 50. Rxf7 {[%emt 0:12:11]} Rxb4 {[%emt 0:05:33]} 51. Rxh7 {[%emt 0:00:12]} Rg4 {[%emt 0:00:00]} 52. h4 {[%emt 0:00:38]} Ke8 {[%emt 0:00:33]} 53. Kf3 {[%emt 0:01:07]} Rb4 {[%emt 0:00:13]} 54. h5 {[%emt 0:00:14]} Rb3+ {[%emt 0:00:42]} 55. Ke4 {[%emt 0:01:20]} Rb4+ {[%emt 0:00:04]} 56. Kd3 {[%emt 0:00:00]} gxh5 {[%emt 0:01:12]} 57. g6 {[%emt 0:00:00]} 1-0

[Event "22nd ECCC Women 2017"]
[Site "Antalya"]
[Date "2017.10.14"]
[Round "7"]
[White "Mamedjarova, Zeinab"]
[Black "Okuyaz, Duru"]
[Result "1/2-1/2"]
[WhiteElo "2298"]
[BlackElo "2233"]
[Annotator "NA"]
[PlyCount "81"]
[EventType "team-tourn"]
[EventCountry "TUR"]
[SourceTitle "playchess.com"]
[Source "ChessBase"]
[SourceQuality "1"]
[WhiteTeam "Odlar Yurdu"]
[BlackTeam "Marmara"]
[TimeControl "40/5400+30:1800+30"]

1. d4 {[%emt 0:00:30]} d5 {[%emt 0:01:00]} 2. Nf3 {[%emt 0:00:30]} Nf6 {[%emt 0:00:00]} 3. e3 {[%emt 0:00:00]} c6 {[%emt 0:00:00]} 4. b3 {[%emt 0:04:00]} Bg4 {[%emt 0:02:30]} 5. Be2 {[%emt 0:00:30]} Nbd7 {[%emt 0:00:00]} 6. Bb2 {[%emt 0:02:30]} e6 {[%emt 0:00:00]} 7. O-O {[%emt 0:01:30]} Bd6 {[%emt 0:00:30]} 8. Nbd2 {[%emt 0:07:30]} O-O {[%emt 0:01:30]} 9. Ne5 {[%emt 0:11:30]} Bxe2 {[%emt 0:02:30]} 10. Qxe2 {[%emt 0:00:30]} Ne4 {[%emt 0:14:30]} 11. Nxe4 {[%emt 0:09:30]} dxe4 {[%emt 0:01:30]} 12. Nc4 {[%emt 0:10:30]} Bc7 {[%emt 0:19:30]} 13. Ba3 {[%emt 0:04:30]} Re8 {[%emt 0:00:30]} 14. f3 {[%emt 0:08:30]} Nf6 {[%emt 0:11:30]} 15. f4 {[%emt 0:09:30]} Nd5 {[%emt 0:04:30]} 16. Kh1 {[%emt 0:05:30]} b5 {[%emt 0:08:30]} 17. Nd2 {[%emt 0:01:30]} b4 {[%emt 0:00:30]} 18. Bb2 {[%emt 0:00:30]} f5 {[%emt 0:00:30]} 19. a3 {[%emt 0:04:13]} a5 {[%emt 0:01:30]} 20. Rg1 {[%emt 0:01:24]} Qh4 {[%emt 0:03:30]} 21. g4 {[%emt 0:02:02]} Nf6 {[%emt 0:01:30]} 22. gxf5 {[%emt 0:04:06]} exf5 {[%emt 0:01:30]} 23. Qc4+ {[%emt 0:08:17]} Kh8 {[%emt 0:05:09]} 24. Qf7 {[%emt 0:00:02]} Ng4 {[%emt 0:03:08]} 25. Nf1 {[%emt 0:01:50]} Nf2+ {[%emt 0:10:43]} 26. Kg2 {[%emt 0:00:01]} Bxf4 {[%emt 0:00:13]} 27. exf4 {[%emt 0:01:45]} Qg4+ {[%emt 0:02:43]} 28. Kxf2 {[%emt 0:00:58]} e3+ {[%emt 0:00:04]} 29. Nxe3 {[%emt 0:00:16]} Qxf4+ {[%emt 0:00:11]} 30. Kg2 {[%emt 0:00:00]} Qe4+ {[%emt 0:03:30]} 31. Kh3 {[%emt 0:01:04]} Qxe3+ {[%emt 0:00:21]} 32. Kg2 {[%emt 0:00:27]} Qe4+ {[%emt 0:01:28]} 33. Kh3 {[%emt 0:00:13]} Qe3+ {[%emt 0:00:07]} 34. Kg2 {[%emt 0:00:01]} Re4 {[%emt 0:00:56]} 35. Qxf5 {[%emt 0:00:37]} Rf4 {[%emt 0:01:09]} 36. Qd3 {[%emt 0:00:37]} Rf2+ {[%emt 0:00:17]} 37. Kh1 {[%emt 0:00:00]} Qxd3 {[%emt 0:01:06]} 38. cxd3 {[%emt 0:00:06]} Rxb2 {[%emt 0:00:00]} 39. axb4 {[%emt 0:00:00]} Rxb3 {[%emt 0:00:36]} 40. bxa5 {[%emt 0:00:00]} Rb5 {[%emt 0:01:19]} 41. Rgc1 {[%emt 0:07:31]} 1/2-1/2

[Event "22nd ECCC Women 2017"]
[Site "Antalya"]
[Date "2017.10.16"]
[Round "7"]
[White "Sandu, Mihaela"]
[Black "Harika, Dronavalli"]
[Result "1/2-1/2"]
[WhiteElo "2278"]
[BlackElo "2528"]
[Annotator "TA"]
[PlyCount "111"]
[EventType "team-tourn"]
[EventCountry "TUR"]
[SourceTitle "playchess.com"]
[Source "ChessBase"]
[SourceQuality "1"]
[WhiteTeam "Timisoara"]
[BlackTeam "Batumi"]

{[%evp 21,111,0,11,11,22,0,5,0,31,0,43,0,0,6,0,-10,-18,-14,-18,-31,0,0,0,0,0,0,-31,-43,58,41,95,0,0,-31,26,0,0,-37,17,-33,47,-29,-29,-74,-59,-75,-65,-54,-30,-54,0,0,0,0,0,0,0,0,19,34,40,42,64,47,52,0,172,207,202,171,170,169,169,56,57,45,60,66,109,62,114,86,85,85,77,76,83,88,58,55,58,-25]} 1. e4 e6 2. d4 d5 3. Nc3 Bb4 4. e5 c5 5. a3 Bxc3+ 6. bxc3 Ne7 7. Nf3 Qa5 8. Bd2 Nbc6 9. a4 Bd7 10. Bb5 Qc7 11. O-O Na5 12. Bd3 {C19: French: 3 Nc3 Bb4: Main line: 7 Nf3 and 7 a4} h6 13. Bc1 b6 14. Re1 {The position is equal.} Rc8 (14... c4 15. Bf1 Bc6 16. Ba3 Qd7 17. Qc1 Nc8 18. h4 Bxa4 {1-0 (45) Swiercz,D (2614)-Romanov,E (2647) Germany 2015}) 15. Qd2 Bc6 $146 ({Predecessor:} 15... c4 16. Bf1 Bc6 17. g3 Qd7 18. Nh4 Bxa4 19. Ng2 Kd8 {1-0 (41) Kavalek,L-Sigurjonsson,G Caracas 1970}) 16. Qf4 c4 17. Bf1 Qd7 18. g4 Bxa4 19. Ra2 b5 {[%cal Bb6b5,Bb5b4][%mdl 32]} 20. Ba3 Nb7 21. h4 a5 22. h5 $1 Nc6 23. g5 b4 24. gxh6 gxh6 (24... Rxh6 $15 25. cxb4 axb4) 25. Bc1 $14 Bb5 {[#]} (25... Ne7 $14) 26. Bh3 (26. Nh2 $1 $16) 26... Kd8 $11 27. Kh2 Kc7 ({Black should play} 27... b3 $15 28. Ra1 Kc7) 28. Rg1 Rh7 29. Ra1 Kb6 ({Reject} 29... bxc3 30. Qe3 $11) (29... b3 $15) 30. Bd2 Qe7 (30... b3 $15) 31. cxb4 (31. Rgb1 $14) 31... axb4 32. c3 Nba5 {Threatens to win with ...Nb3.} 33. Be1 Nb3 34. Ra2 Rf8 35. cxb4 Rhh8 (35... Kb7 $15) 36. Rg7 Rhg8 37. Rxg8 Rxg8 38. Qxh6 Qe8 39. Qf4 Rh8 40. Bg4 Qe7 41. Bc3 Rg8 42. Kh3 Rf8 43. Ng5 (43. Qf6 $14) 43... Rg8 $2 {[#]} (43... Nxb4 $11 44. Bxb4 Qxb4) 44. h6 $1 $18 {[%cal Bh5h6,Bh6h7][%mdl 32]} ({Inferior is} 44. Nxf7 Rf8 $17) 44... Rf8 45. Nh7 Rh8 46. Nf6 Kb7 47. Bf3 (47. h7 $18 Nxb4 48. Bxb4 Qxb4 49. Kg2) 47... Qf8 $1 $14 {[%cal Rf8h6]} 48. h7 $1 Qg7 $1 49. Bg4 Ne7 {and if ...Ng8 works, Black does fine.} 50. Kg3 Nf5+ ({Black should try} 50... Nc8 $14) 51. Kh2 Rxh7+ 52. Nxh7 Qxh7+ 53. Bh3 {Strongly threatening Qg5.} Qh5 54. f3 Bd7 55. Rg2 Qh7 56. Qg5 {Precision: White = 53%, Black = 48%.} (56. Rb2 $14) 1/2-1/2

[Event "22nd ECCC Women 2017"]
[Site "Antalya"]
[Date "2017.10.15"]
[Round "7"]
[White "Dragomirescu, Angela"]
[Black "Khotenashvili, Bela"]
[Result "0-1"]
[WhiteElo "2231"]
[BlackElo "2459"]
[Annotator "TA"]
[PlyCount "90"]
[EventType "team-tourn"]
[EventCountry "TUR"]
[SourceTitle "playchess.com"]
[Source "ChessBase"]
[SourceQuality "1"]
[WhiteTeam "Timisoara"]
[BlackTeam "Batumi"]

{[%evp 27,90,-5,47,-38,-24,-16,-21,-92,-79,-81,-67,-60,-72,-120,-70,-152,-149,-164,-142,-174,-168,-204,-154,-288,-276,-274,-277,-282,-199,-199,-210,-193,-192,-220,-257,-327,0,-186,-191,-178,-196,-294,0,-122,0,-308,-252,-331,-212,-844,-949,-925,-929,-865,-853,-1205,-1180,-2443,-2476,-29984,-29985,-29991,-29992,-29992,-29993]} 1. Nf3 g6 2. g3 Bg7 3. Bg2 c5 4. d3 d5 5. O-O Nc6 6. Nbd2 Nf6 7. e4 O-O 8. Re1 e6 9. c3 a5 10. e5 Nd7 11. d4 cxd4 {A08: King's Indian Attack} 12. cxd4 f6 13. exf6 Qxf6 14. Qe2 Re8 {[#] LiveBook: 5 Games} ({Black should try} 14... a4 $11) 15. Nf1 $146 ({White should play} 15. Nb1 $1 $14) ({Predecessor:} 15. b3 Nxd4 16. Nxd4 Qxd4 17. Rb1 Qc5 18. Nf3 e5 19. Be3 {0-1 (33) Giri,A (2752)-Svidler,P (2753) Flor & Fjaere 2014}) 15... Nxd4 $15 16. Nxd4 Qxd4 17. Rd1 (17. Bd2 $11 {remains equal.}) 17... Qe5 $17 18. Qb5 Rf8 19. f4 Qd6 $36 {[%mdl 2048] Black is on the roll.} 20. Qe2 Qa6 21. Qe1 ({Better is} 21. Qxa6 $15 Rxa6 22. Rb1) 21... Nc5 22. Ne3 a4 {[%cal Ba5a4,Ba4a3][%mdl 32]} 23. Bf1 Qb6 {Hoping for ...a3.} 24. Rb1 {[#]} a3 $1 {[%cal Ra3b2][%mdl 512]} 25. b4 (25. Ng4 $17) (25. bxa3 Qxb1) 25... Na4 $19 26. Rb3 Nb2 27. Rd2 Bd7 28. b5 Rfc8 29. Rf2 Bd4 30. Bd2 Nc4 31. Bc1 Nb2 $2 {[#]} ({Resist} 31... Bxb5 32. Kh1) (31... Ra5 $19 32. Kh1 Rxb5 33. Rxb5 Qxb5) 32. Kg2 $2 (32. Bd2 $1 $11 {and White is okay.}) 32... Rc7 33. Bd2 Nc4 34. Bc1 (34. Rf3 {was called for.}) 34... Nb2 ({Don't play} 34... Bxb5 35. Rf3 $19) (34... Rac8 $19 {and Black stays clearly on top. And now ...Na5 would win.} 35. Re2 Bxb5) 35. Bd2 $1 $17 Nc4 $2 (35... Ra4 $17 36. Rf3 Nc4) 36. Bc1 $1 $19 Bxb5 37. Re2 Bxe3 38. Rexe3 $2 (38. Bxe3 Nxe3+ 39. Rexe3 Bxf1+ 40. Kxf1 Qa6+ 41. Kg2) 38... Nxe3+ 39. Bxe3 Bxf1+ 40. Qxf1 Rc2+ 41. Kg1 Qa6 42. Qh3 Rac8 43. Rb1 d4 {Black mates.} 44. Bxd4 Rc1+ 45. Rxc1 Rxc1+ {Precision: White = 23%, Black = 52%.} 0-1

[Event "22nd ECCC Women 2017"]
[Site "Antalya"]
[Date "2017.10.14"]
[Round "7"]
[White "Haussernot, Cecile"]
[Black "Badelka, Olga"]
[Result "0-1"]
[WhiteElo "2169"]
[BlackElo "2353"]
[Annotator "NA"]
[PlyCount "92"]
[EventType "team-tourn"]
[EventCountry "TUR"]
[SourceTitle "playchess.com"]
[Source "ChessBase"]
[SourceQuality "1"]
[WhiteTeam "Mulhouse Philidor"]
[BlackTeam "Bossa Nova"]
[TimeControl "40/5400+30:1800+30"]

1. e4 {[%emt 0:00:30]} c5 {[%emt 0:01:00]} 2. Nf3 {[%emt 0:00:30]} e6 {[%emt 0:00:30]} 3. d4 {[%emt 0:00:30]} cxd4 {[%emt 0:00:30]} 4. Nxd4 {[%emt 0:00:30]} Nf6 {[%emt 0:00:00]} 5. Bd3 $11 {[%emt 0:00:00] LiveBook: 675 Partien} Nc6 {[%emt 0:00:00]} 6. Nxc6 {[%emt 0:00:00]} bxc6 {[%emt 0:00:30]} 7. O-O {[%emt 0:00:30]} d5 {[%emt 0:00:00]} 8. Nc3 {[%emt 0:00:30]} Be7 {[%emt 0:01:00]} 9. Re1 {[%emt 0:04:30]} O-O {[%emt 0:06:30]} 10. e5 {[%emt 0:02:30]} Nd7 {[%emt 0:00:30]} 11. Bf4 {[%emt 0:03:30]} g6 {[%emt 0:02:30]} 12. Qd2 {[%emt 0:06:30]} Rb8 {[%emt 0:06:30]} 13. Nd1 {[%emt 0:01:30]} Nc5 {[%emt 0:02:30]} 14. Re3 {[%emt 0:00:30]} Nxd3 {[%emt 0:12:30]} 15. cxd3 {[%emt 0:11:30]} c5 {[%emt 0:01:30]} 16. Rh3 {[%emt 0:00:30]} Rb4 {[%emt 0:02:30]} 17. a3 {[%emt 0:01:30]} Rb7 {[%emt 0:01:30]} 18. Bh6 {[%emt 0:07:30]} Re8 {[%emt 0:00:30]} 19. Bg7 {[%emt 0:03:30]} Bg5 {[%emt 0:00:30]} 20. f4 {[%emt 0:00:30]} Be7 {[%emt 0:03:30]} 21. Bh6 {[%emt 0:08:30]} f5 {[%emt 0:00:30]} 22. Rg3 {[%emt 0:07:30]} d4 {[%emt 0:04:30]} 23. Bg5 {[%emt 0:04:30]} Bxg5 {[%emt 0:00:30]} 24. Rxg5 {[%emt 0:01:30]} Qd5 {[%emt 0:02:30]} 25. h4 {[%emt 0:00:30]} Rg7 {[%emt 0:00:30]} 26. Rc1 {[%emt 0:01:30]} Bb7 {[%emt 0:01:30]} 27. Qa5 {[%emt 0:05:30]} Rc8 {[%emt 0:09:30]} 28. Qxa7 {[%emt 0:01:30]} h6 {[%emt 0:01:30]} 29. Rg3 {[%emt 0:00:30]} g5 {[%emt 0:00:30]} 30. hxg5 {[%emt 0:07:17]} hxg5 {[%emt 0:00:30]} 31. Rc2 {[%emt 0:02:58]} gxf4 {[%emt 0:09:30]} 32. Rxg7+ {[%emt 0:00:36]} Kxg7 {[%emt 0:00:00]} 33. Qb6 {[%emt 0:03:26]} Kh6 {[%emt 0:07:00]} 34. Kf1 {[%emt 0:02:44]} Rg8 {[%emt 0:08:10]} 35. Ke1 {[%emt 0:00:23]} f3 {[%emt 0:05:01]} 36. gxf3 {[%emt 0:02:54]} Rg1+ {[%emt 0:00:30]} 37. Kd2 {[%emt 0:00:00]} Qxe5 {[%emt 0:00:00]} 38. Kc1 {[%emt 0:00:49]} Bxf3 {[%emt 0:00:42]} 39. Rd2 {[%emt 0:00:06]} Bxd1 {[%emt 0:00:37]} 40. Rxd1 {[%emt 0:00:30]} Qe3+ {[%emt 0:30:30]} 41. Kc2 {[%emt 0:00:17]} Rxd1 {[%emt 0:00:00]} 42. Kxd1 {[%emt 0:00:00]} Qxd3+ {[%emt 0:00:00]} 43. Kc1 {[%emt 0:00:00]} Qe3+ {[%emt 0:00:00]} 44. Kb1 {[%emt 0:00:30]} d3 {[%emt 0:00:00]} 45. Qd8 {[%emt 0:00:00]} Qe1+ {[%emt 0:00:00]} 46. Ka2 {[%emt 0:00:00]} d2 {[%emt 0:00:00]} 0-1

[Event "22nd ECCC Women 2017"]
[Site "Antalya"]
[Date "2017.10.14"]
[Round "7"]
[White "Caglar, Sila"]
[Black "Fataliyeva, Ulviyya"]
[Result "1/2-1/2"]
[WhiteElo "2153"]
[BlackElo "2348"]
[Annotator "NA"]
[PlyCount "86"]
[EventType "team-tourn"]
[EventCountry "TUR"]
[SourceTitle "playchess.com"]
[Source "ChessBase"]
[SourceQuality "1"]
[WhiteTeam "Marmara"]
[BlackTeam "Odlar Yurdu"]
[TimeControl "40/5400+30:1800+30"]

1. e4 {[%emt 0:00:30]} e6 {[%emt 0:01:00]} 2. d4 {[%emt 0:00:30]} d5 {[%emt 0:00:30]} 3. Nd2 {[%emt 0:00:30]} Nf6 {[%emt 0:00:00]} 4. Bd3 {[%emt 0:00:00]} c5 {[%emt 0:00:00]} 5. c3 $11 {[%emt 0:00:00] LiveBook: 110 Games} (5. e5 $5 {[%cal Re5f6]} Nfd7 6. c3 $11) 5... cxd4 {[%emt 0:00:00]} 6. cxd4 {[%emt 0:00:00]} dxe4 {[%emt 0:00:00]} 7. Nxe4 {[%emt 0:00:00]} Bd7 {[%emt 0:00:00]} 8. Nf3 {[%emt 0:09:30]} Nxe4 {[%emt 0:00:00]} 9. Bxe4 {[%emt 0:00:00]} Bc6 {[%emt 0:00:00]} 10. Bxc6+ {[%emt 0:03:00]} Nxc6 {[%emt 0:00:00]} 11. O-O {[%emt 0:00:30]} Be7 {[%emt 0:00:00]} 12. Qb3 {[%emt 0:00:30]} Qb6 {[%emt 0:00:00]} 13. Qc4 {[%emt 0:06:30]} Qb4 {[%emt 0:07:30]} 14. b3 {[%emt 0:08:30]} Rd8 {[%emt 0:03:30]} 15. Bb2 {[%emt 0:04:30]} O-O {[%emt 0:04:30]} 16. Rfd1 {[%emt 0:03:30]} Qxc4 {[%emt 0:07:30]} 17. bxc4 {[%emt 0:00:00]} Na5 {[%emt 0:00:00]} 18. Rac1 {[%emt 0:05:00]} Rc8 {[%emt 0:00:00]} 19. c5 {[%emt 0:02:30]} Rfd8 {[%emt 0:05:30]} 20. Ne5 {[%emt 0:08:30]} Nc6 {[%emt 0:01:30]} 21. Nc4 {[%emt 0:14:30]} Rd7 {[%emt 0:06:30]} 22. Bc3 {[%emt 0:10:30]} Rcd8 {[%emt 0:12:30]} 23. Ba5 {[%emt 0:03:13]} Rb8 {[%emt 0:01:30]} 24. Bc3 {[%emt 0:01:42]} g6 {[%emt 0:00:30]} 25. g3 {[%emt 0:00:57]} h5 {[%emt 0:00:30]} 26. Rb1 {[%emt 0:01:10]} Bf8 {[%emt 0:02:30]} 27. Na5 {[%emt 0:09:22]} Nxa5 {[%emt 0:02:30]} 28. Bxa5 {[%emt 0:00:30]} Rc8 {[%emt 0:00:00]} 29. Rd2 {[%emt 0:02:31]} Bg7 {[%emt 0:02:00]} 30. Bc3 {[%emt 0:01:23]} Rc6 {[%emt 0:12:30]} 31. Rdb2 {[%emt 0:02:29]} b6 {[%emt 0:00:30]} 32. cxb6 {[%emt 0:00:33]} axb6 {[%emt 0:00:30]} 33. Rb3 {[%emt 0:00:28]} Ra7 {[%emt 0:03:30]} 34. a3 {[%emt 0:00:55]} Ra6 {[%emt 0:01:30]} 35. Kg2 {[%emt 0:00:46]} Rd6 {[%emt 0:01:30]} 36. Rd1 {[%emt 0:00:57]} Ra4 {[%emt 0:00:30]} 37. Bb2 {[%emt 0:00:34]} Kf8 {[%emt 0:02:30]} 38. Rb5 {[%emt 0:00:55]} Ke8 {[%emt 0:00:30]} 39. Rd3 {[%emt 0:00:59]} Kd8 {[%emt 0:02:30]} 40. Rf3 {[%emt 0:00:00]} f5 {[%emt 0:00:30]} 41. Rfb3 {[%emt 0:10:06]} Ra6 {[%emt 0:07:30]} 42. Kf3 {[%emt 0:02:30]} Kc7 {[%emt 0:04:30]} 43. Ke3 {[%emt 0:00:58]} g5 {[%emt 0:02:30]} 1/2-1/2

[Event "22nd ECCC Women 2017"]
[Site "Antalya"]
[Date "2017.10.15"]
[Round "7"]
[White "Neuhauser, Salome"]
[Black "Stetsko, Lanita"]
[Result "0-1"]
[WhiteElo "2140"]
[BlackElo "2254"]
[Annotator "ChessBase"]
[PlyCount "72"]
[EventType "team-tourn"]
[EventCountry "TUR"]
[SourceTitle "playchess.com"]
[Source "ChessBase"]
[SourceQuality "1"]
[WhiteTeam "Mulhouse Philidor"]
[BlackTeam "Bossa Nova"]
[TimeControl "40/5400+30:1800+30"]

1. e4 {[%emt 0:00:30]} e5 {[%emt 0:01:00]} 2. Nf3 {[%emt 0:00:00]} Nc6 {[%emt 0:00:30]} 3. Bc4 {[%emt 0:00:00]} Bc5 {[%emt 0:00:00]} 4. c3 {[%emt 0:00:00]} Nf6 {[%emt 0:00:00]} 5. d4 {[%emt 0:00:00]} exd4 {[%emt 0:01:30]} 6. e5 {[%emt 0:00:30]} d5 {[%emt 0:15:30]} 7. Be2 {[%emt 0:00:00]} Ne4 {[%emt 0:01:30]} 8. cxd4 {[%emt 0:00:00]} Bb6 {[%emt 0:06:30]} 9. Nc3 {[%emt 0:02:30]} Bf5 {[%emt 0:18:30]} 10. O-O {[%emt 0:01:30]} O-O {[%emt 0:00:30]} 11. Na4 {[%emt 0:10:30]} f6 {[%emt 0:08:30]} 12. Be3 {[%emt 0:04:30]} Qe7 {[%emt 0:07:30]} 13. exf6 {[%emt 0:04:30]} Rxf6 {[%emt 0:00:30]} 14. Rc1 {[%emt 0:06:30]} Rg6 {[%emt 0:02:30]} 15. Kh1 {[%emt 0:09:30]} Re8 {[%emt 0:02:30]} 16. Nxb6 {[%emt 0:06:30]} axb6 {[%emt 0:00:30]} 17. Qb3 {[%emt 0:05:30]} Rd8 {[%emt 0:03:30]} 18. Bb5 {[%emt 0:19:30]} Na5 {[%emt 0:04:30]} 19. Qa4 {[%emt 0:02:30]} c6 {[%emt 0:01:30]} 20. Ne5 {[%emt 0:04:30]} cxb5 {[%emt 0:02:30]} 21. Nxg6 {[%emt 0:00:30]} Bxg6 {[%emt 0:01:30]} 22. Qxb5 {[%emt 0:00:30]} Nc4 {[%emt 0:00:30]} 23. Bf4 {[%emt 0:05:14]} Be8 {[%emt 0:00:30]} 24. Qb3 {[%emt 0:04:57]} Ned2 {[%emt 0:00:30]} 25. Bxd2 {[%emt 0:08:41]} Nxd2 {[%emt 0:00:30]} 26. Qxb6 {[%emt 0:00:00]} Nxf1 {[%emt 0:00:30]} 27. Rxf1 {[%emt 0:00:00]} Bg6 {[%emt 0:00:30]} 28. Rc1 {[%emt 0:00:39]} Re8 {[%emt 0:01:04]} 29. h3 {[%emt 0:00:38]} Qg5 {[%emt 0:00:36]} 30. Qc7 {[%emt 0:01:54]} Qd2 {[%emt 0:00:38]} 31. Qc5 {[%emt 0:01:34]} Qxf2 {[%emt 0:02:20]} 32. Qxd5+ {[%emt 0:00:19]} Kh8 {[%emt 0:00:00]} 33. Qxb7 {[%emt 0:00:49]} Qxd4 {[%emt 0:02:10]} 34. b4 {[%emt 0:01:02]} Be4 {[%emt 0:03:40]} 35. Rc8 {[%emt 0:00:51]} Qa1+ {[%emt 0:00:14]} 36. Kh2 {[%emt 0:00:05]} Qe5+ {[%emt 0:00:04]} 0-1